00336nam a2200133Ia 4500008004100000020001500041041001200056100001800068245005700086250000800143260003300151300000800184650001000192221030s9999 xx 000 0 und d a8126542260 aEnglish aS. Chatterjee 4aThe Design of Modern Steel Bridgescby S. Chatterjee a2nd bWilley Pub.aNew Delhic2013 a207 aCivil